000 00709nam a2200169 4500
008 040422s1999 phi eng
090 _aBS2695.2
_bYa1e
_b1999
100 1 _aYap, Ricardo N.
245 1 0 _aAn exegetical analysis of Galatians 2:
_b16 and a word study on "justification" and "faith" in the book of Galatians /
_cRicardo N. Yap.
260 _aValenzuela City :
_bBSOP,
_cc1999.
300 _a25 p.
500 _aPaper (M.Div. Biblical Studies)--Biblical Seminary of the Philippines, 1999
650 4 _aBible. N.T. Galatians II:XVI
_xCriticism, interpretation, etc.
650 4 _aFaith.
650 4 _aJustification.
951 _p26891
_x00028637
_oBS2695.2/Ya1e/1999
_j070613111354781
_d2000-12-21
_cTHE
999 _c19951
_d19951